000 00259nam a22001097a 4500
008 170117b xxu||||| |||| 00| 0 eng d
020 _a9780803614543
041 _aeng
080 _210TH
_a618.2
245 _aDRUG GUIDE FOR NURSES
_cDEGLIN, J,H
942 _2udc
_cBK
999 _c3021
_d3021